[Event "PNWCC Online Masters WOO"]
[Site "Chess.com INT"]
[Date "2020.07.06"]
[Round "9"]
[White "Kozower, Ethan"]
[Black "Wang, Ze"]
[Result "1/2-1/2"]
[WhiteElo "1562"]
[BlackElo "1869"]
[PlyCount "61"]
[EventDate "2020.07.04"]
[EventType "swiss (rapid)"]
[EventRounds "9"]
[EventCountry "USA"]
[SourceTitle "CBM 197 Extra"]
[Source "ChessBase"]
[SourceDate "2020.09.30"]
[SourceVersion "1"]
[SourceVersionDate "2020.09.30"]
[SourceQuality "1"]

1. c4 e6 2. Nc3 d5 3. d4 Nf6 4. Nf3 Be7 5. Bf4 0-0 6. e3 c5 7. dxc5 Bxc5 8. Qc2 Qe7 9. Rd1 Nc6 10. a3 dxc4 11. Bxc4 Rd8 12. 0-0 h6 13. Ne5 Bd7 14. Nd3 Bd6 15. Bxd6 Qxd6 16. Nb5 Qe7 17. Nf4 Be8 18. Qe2 a6 19. Nc3 Rac8 20. Bd3 Ne5 21. Bb1 Bc6 22. Nh5 Nf3+ 23. gxf3 Nxh5 24. f4 Qh4 25. f3 Nf6 26. Kh1 Rxd1 27. Rxd1 Ng4 28. Kg1 Nf6 29. Kh1 Ng4 30. Kg1 Nf6 31. Kh1 1/2-1/2

[Event "PNWCC Online Masters WOO"]
[Site "Chess.com INT"]
[Date "2020.07.06"]
[Round "8"]
[White "Wang, Ze"]
[Black "Ho, Carter"]
[Result "1/2-1/2"]
[WhiteElo "1869"]
[BlackElo "1415"]
[PlyCount "64"]
[EventDate "2020.07.04"]
[EventType "swiss (rapid)"]
[EventRounds "9"]
[EventCountry "USA"]
[SourceTitle "CBM 197 Extra"]
[Source "ChessBase"]
[SourceDate "2020.09.30"]
[SourceVersion "1"]
[SourceVersionDate "2020.09.30"]
[SourceQuality "1"]

1. e4 e5 2. Nf3 Nc6 3. Nc3 Nf6 4. d4 exd4 5. Nxd4 Bb4 6. Nxc6 bxc6 7. Bd3 d5 8. exd5 0-0 9. 0-0 Bg4 10. f3 Bh5 11. Bg5 Bxc3 12. bxc3 cxd5 13. Rb1 h6 14. Bh4 Qd6 15. Qd2 Rad8 16. Rb7 a5 17. Bg3 Qc5+ 18. Qf2 Qxc3 19. Rxc7 Qb2 20. a4 Rc8 21. Re7 Qb4 22. Rfe1 Qxa4 23. Be5 Qc6 24. Qh4 Bg6 25. Bxf6 Qxf6 26. Qxf6 gxf6 27. Bxg6 fxg6 28. Ra7 Rfe8 29. Rxe8+ Rxe8 30. Rxa5 Re2 31. Rxd5 Rxc2 32. Rd7 Rb2 1/2-1/2

[Event "PNWCC Online Masters WOO"]
[Site "Chess.com INT"]
[Date "2020.07.05"]
[Round "5.32"]
[White "Nandhidhaa, PV."]
[Black "Wang, Ze"]
[Result "1/2-1/2"]
[WhiteElo "2365"]
[BlackElo "1869"]
[PlyCount "112"]
[EventDate "2020.07.04"]
[EventType "swiss (rapid)"]
[EventRounds "9"]
[EventCountry "USA"]
[SourceTitle "CBM 197 Extra"]
[Source "ChessBase"]
[SourceDate "2020.09.30"]
[SourceVersion "1"]
[SourceVersionDate "2020.09.30"]
[SourceQuality "1"]

1. Nf3 d5 2. g3 Nf6 3. Bg2 e6 4. 0-0 Be7 5. c4 0-0 6. b3 c5 7. Bb2 Nc6 8. cxd5 Nxd5 9. d4 cxd4 10. Nxd4 Nxd4 11. Qxd4 Bf6 12. Qd2 Bxb2 13. Qxb2 Qf6 14. Qxf6 Nxf6 15. Nc3 Rb8 16. Rfd1 Bd7 17. g4 Rfc8 18. Rac1 h6 19. h4 Bc6 20. Bxc6 Rxc6 21. g5 hxg5 22. hxg5 Ne8 23. Nb5 Rxc1 24. Rxc1 a6 25. Nd4 Rd8 26. e3 Kf8 27. f4 Ke7 28. Kf2 Nd6 29. Kf3 Rc8 30. Rxc8 Nxc8 31. e4 Kd6 32. Ke3 Ne7 33. Nf3 Ng6 34. Ne1 f6 35. gxf6 gxf6 36. Nd3 e5 37. f5 Nf8 38. Kf3 Nh7 39. b4 Ng5+ 40. Ke3 b6 41. Nb2 Kc6 42. a4 a5 43. bxa5 bxa5 44. Nc4 Kc5 45. Nxa5 Kb4 46. Nb7 Kxa4 47. Nc5+ Kb5 48. Nd3 Kc4 49. Nf2 Kc5 50. Ng4 Nh7 51. Kd3 Kb4 52. Ne3 Kc5 53. Nd5 Kb5 54. Nc7+ Kb4 55. Ne6 Kb3 56. Kd2 Kc4 1/2-1/2

[Event "PNWCC Online Masters WOO"]
[Site "Chess.com INT"]
[Date "2020.07.05"]
[Round "6.31"]
[White "Wang, Ze"]
[Black "Eswaran, Ashritha"]
[Result "0-1"]
[WhiteElo "1869"]
[BlackElo "2244"]
[PlyCount "124"]
[EventDate "2020.07.04"]
[EventType "swiss (rapid)"]
[EventRounds "9"]
[EventCountry "USA"]
[SourceTitle "CBM 197 Extra"]
[Source "ChessBase"]
[SourceDate "2020.09.30"]
[SourceVersion "1"]
[SourceVersionDate "2020.09.30"]
[SourceQuality "1"]

1. e4 c5 2. f4 e6 3. Nf3 Nc6 4. Bb5 Nge7 5. 0-0 a6 6. Bxc6 Nxc6 7. d3 Be7 8. Be3 0-0 9. Nbd2 d5 10. exd5 Qxd5 11. Nc4 Qd8 12. Nce5 Bd7 13. Nxd7 Qxd7 14. Ne5 Qc7 15. Nxc6 Qxc6 16. Qf3 Qb5 17. Rab1 Rfe8 18. f5 Bf6 19. fxe6 Rxe6 20. Bg5 c4 21. Bxf6 Rxf6 22. Qe4 Rxf1+ 23. Kxf1 cxd3 24. Qxd3 Qb6 25. Rd1 h6 26. Qd4 Qg6 27. c3 Re8 28. h3 Qe6 29. Kg1 Qe2 30. Rd2 Qe1+ 31. Kh2 Re3 32. Qd6 Kh7 33. Rd3 Re6 34. Qf4 Rf6 35. Qe3 Qb1 36. Rd2 g6 37. Qd3 Qxa2 38. Qd7 Qc4 39. Qd3 Qf4+ 40. Kg1 b5 41. Qd4 Qf5 42. Qd3 Qe6 43. Re2 Qb6+ 44. Qe3 Qxe3+ 45. Rxe3 Kg7 46. g4 Rf4 47. Kg2 g5 48. Rd3 Kg6 49. Rd6+ Rf6 50. Rd5 Rb6 51. Kf3 a5 52. Rc5 a4 53. Rd5 b4 54. cxb4 Rxb4 55. Ra5 Rf4+ 56. Ke3 h5 57. gxh5+ Kxh5 58. Kd3 Kh4 59. Kc3 f5 60. b3 Rf3+ 61. Kc2 axb3+ 62. Kb2 Kxh3 0-1

[Event "PNWCC Online Masters WOO"]
[Site "Chess.com INT"]
[Date "2020.07.04"]
[Round "2.57"]
[White "Wang, Ze"]
[Black "Xu, Andrew"]
[Result "1-0"]
[WhiteElo "1869"]
[BlackElo "1524"]
[PlyCount "59"]
[EventDate "2020.07.04"]
[EventType "swiss (rapid)"]
[EventRounds "9"]
[EventCountry "USA"]
[SourceTitle "CBM 197 Extra"]
[Source "ChessBase"]
[SourceDate "2020.09.30"]
[SourceVersion "1"]
[SourceVersionDate "2020.09.30"]
[SourceQuality "1"]

1. e4 e5 2. Nf3 Nc6 3. Nc3 Nf6 4. d4 d6 5. dxe5 dxe5 6. Qxd8+ Kxd8 7. Bc4 Bb4 8. Bg5 Ke7 9. 0-0-0 Bxc3 10. bxc3 Be6 11. Bd5 h6 12. Bh4 g5 13. Bg3 Nd7 14. Bxc6 bxc6 15. Bxe5 Bxa2 16. Bxh8 Rxh8 17. Nd4 Ne5 18. Nb3 Rb8 19. Kb2 Bxb3 20. cxb3 a5 21. Rd4 Ke6 22. Ra1 Rb5 23. Kc2 c5 24. Rda4 Nc6 25. Rd1 f6 26. f3 Ne5 27. Rd8 g4 28. f4 Nc6 29. Rh8 c4 30. Rxc4 1-0

[Event "Eastern Asia-ch U18 3rd"]
[Site "Shanghai"]
[Date "2018.08.02"]
[Round "1"]
[White "Chen, Qi B"]
[Black "Wang, Ze"]
[Result "1-0"]
[WhiteElo "2415"]
[BlackElo "1905"]
[PlyCount "113"]
[EventDate "2018.08.02"]
[EventType "swiss"]
[EventRounds "9"]
[EventCountry "CHN"]
[SourceTitle "EXT 2019"]
[Source "ChessBase"]
[SourceDate "2018.10.10"]
[SourceVersion "1"]
[SourceVersionDate "2018.10.10"]
[SourceQuality "1"]

1. e4 e5 2. Nf3 Nf6 3. Nxe5 d6 4. Nf3 Nxe4 5. d4 d5 6. Bd3 Be7 7. 0-0 Nc6 8. Nbd2 Nxd2 9. Bxd2 Bg4 10. c3 0-0 11. h3 Bh5 12. g3 f5 13. Kg2 Qd7 14. Qc2 Bxf3+ 15. Kxf3 Rae8 16. Kg2 g6 17. Rae1 Bf6 18. Qb3 Nd8 19. h4 h5 20. a4 c6 21. Qd1 Nf7 22. Bf4 a6 23. Qb3 Kg7 24. Qb6 Bd8 25. Qa7 Qc8 26. c4 dxc4 27. Bxc4 Bf6 28. d5 b5 29. axb5 axb5 30. Rxe8 Qxe8 31. Bb3 Qe4+ 32. Kg1 cxd5 33. Qd7 Rd8 34. Qxb5 Bxb2 35. Bc7 Rc8 36. Bxd5 Qd4 37. Bb6 Qf6 38. Bxf7 Rb8 39. Be6 Be5 40. Qd7+ Kh6 41. Bc5 f4 42. Be7 Qg7 43. Bg5+ Kh7 44. Qxg7+ Kxg7 45. gxf4 Bd4 46. Rd1 Rb4 47. Be7 Ra4 48. Bd7 Ra1 49. Rxa1 Bxa1 50. Kg2 Kf7 51. Bg5 Bd4 52. f5 gxf5 53. Bxf5 Be5 54. f4 Bd6 55. Kf3 Kg7 56. Ke4 Bc7 57. Bd7 1-0

[Event "Hong Kong Jolimark op"]
[Site "Hong Kong"]
[Date "2017.12.25"]
[Round "6"]
[White "Wang, Ze"]
[Black "Chan, Kaden Timothy"]
[Result "1/2-1/2"]
[WhiteElo "1945"]
[BlackElo "1600"]
[PlyCount "43"]
[EventDate "2017.12.23"]
[EventType "swiss"]
[EventRounds "9"]
[EventCountry "HKG"]
[SourceTitle "CBM 182 Extra"]
[Source "ChessBase"]
[SourceDate "2018.02.23"]
[SourceVersion "1"]
[SourceVersionDate "2018.02.23"]
[SourceQuality "1"]

1. e4 d5 2. exd5 Nf6 3. d4 Nxd5 4. c4 Nb6 5. Nc3 g6 6. Be3 Bg7 7. Be2 0-0 8. Nf3 Bg4 9. Rc1 Nc6 10. d5 Bxf3 11. Bxf3 Ne5 12. b3 c6 13. Be2 Rc8 14. 0-0 cxd5 15. Nxd5 Nxd5 16. Qxd5 Qc7 17. Qd2 Rfd8 18. Qc2 Nc6 19. Rfd1 Nd4 20. Bxd4 Bxd4 21. Bf3 Rd7 22. Rd3 1/2-1/2